000 01649nam a22004457a 4500
001 000095444
003 CHAP
005 20220329143110.0
008 060320d2005 mx abd r 00110 spa d
010 _a91910
011 _a92882
035 _a103449
040 _cCHAP
090 _aTesis
100 1 _aMedina Niño, Rubén.
_974005
245 1 0 _aEvaluación financiera y operativa de una empacadora de aguacate en Michoacán /
_c/por Rubén Medina Niño.
260 _aChapingo, Méx. :
_bEl autor,
_c2005.
300 _a104 h. :
_bilus. ; gráfs. ; mapa ; cuadros ; diagrama.
502 _aTesis (Ing. Agr. Esp. en Suelos) -- UACH. Departamento de Suelos
530 _aTambién disponible en línea
590 _aALEPH
_b10
_c20130110
_lUCH01
_h1510
590 _aBATCH-UPD
_b10
_c20130109
_lUCH01
_h2353
590 _aBATCH-UPD
_b10
_c20130110
_lUCH01
_h0728
590 _aBATCH-UPD
_b10
_c20130409
_lUCH01
_h1926
590 _aBATCH-UPD
_b10
_c20130410
_lUCH01
_h0412
590 _aBATCH-UPD
_b10
_c20130913
_lUCH01
_h2254
590 _aCONVERSION
_b10
_c20130109
_lUCH01
_h1351
590 _aE11695DGD
_b10
_c20190828
_lUCH01
_h1244
650 1 4 _aAguacate
_xAspectos económicos.
_92493
650 1 4 _aAguacate
_xEmpaque.
_92509
650 1 4 _aAguacate
_xMichoacán.
_92535
650 1 4 _aFinanzas
_xEvaluación.
_940940
856 _3Finding aid
_uhttp://10.13.5.2/tesis/103449.pdf
_zTeclea aquí
901 _aBK
905 _aMarco A. Mendoza T.
942 _cFOLL
942 _n0
949 _aTesis
_bBC
_cTES
_d00000001034491
_eTS1
_gDonaciØn
_h44937
_i103449
_sb
949 _aTesis
_bBC
_cTES
_d33724000980512
_eTS2
_fc.2
_gDonaciØn
_h44938
_i103449
_si
999 _c91910
_d91910